01010nam a2200133Ia 4500008004100000020001500041050001700056100004000073245006700113260003700180300003600217505060600253650001700859120625s2005 mx r 001 0 spa d a9701046676 4aHF5635 bG831 aGuajardo Cantú, Gerardoe, autor 10aContabilidad para no contadores c / Gerardo Guajardo Cantú  aMéxicob : McGraw-Hillc, 2005 axix, 425 páginas c ; 23 cm. 0 aLa información financiera para la toma de decisiones Estados financieros Elementos del proceso de elaboración Ciclo básico de elaboración de información financiera: empresa de servicio Refinamientos del ciclo contable Estado de resultados: diferencias entre empresas Caiclo básico de elaboración de la información Efectivo disponible: efectivo e inversiones temporales Capital de trabajo: cuentas por cobrar Infraestructura: ectivo fijo e intangible Fuentes de financiamiento: pasivo y capital Estado de cambios en la situación financiera Informe y análisis financiero  4aCONTABILIDAD